000 00530nam a2200193Ia 4500
003 GCL
008 140319s9999 xx 000 0 ara d
040 _aGCL /
_cGCL
082 0 4 _a819.9
_bع ر
100 1 _aعباس محمود العقاد
245 1 0 _aرواية قمبيز فى الميزان /
_cعباس محمود العقاد
300 _a88
490 _aكتاب
_v0
650 0 4 _aالادب العربى
650 0 4 _aالقصة العربية
650 0 4 _aقمبيز
650 0 4 _aاحمس
942 _2ddc
_cBK
999 _c42085
_d42085